| 000 | 00525cam a2200205 i 4500 | ||
|---|---|---|---|
| 001 | sa 68000321 | ||
| 003 | DLC | ||
| 005 | 20260227112422.0 | ||
| 008 | 040708s1966 ii 000 f tamr | ||
| 010 | _asa 68000321 | ||
| 040 |
_aDLC _cDLC |
||
| 050 | 0 | 0 |
_aPL4758.9.V29 _bC5 |
| 100 | 1 |
_aVacavan̲, _d1927- |
|
| 245 | 1 | 0 |
_aCitāvin tiyākam / _cVacavan. |
| 250 | _a1. patippu. | ||
| 260 |
_aCen̲n̲ai : _bVān̲ati Patippakam, 248 p. ; _c1968. |
||
| 300 |
_a223 p. ; _c18 cm. |
||
| 500 | _aA novel. | ||
| 546 | _aIn Tamil. | ||
| 999 |
_c77123 _d77123 |
||